000 00688nam a2200205Ii 4500
003 JO-AjNU
008 230605s9999||||xx |||||||||||||| ||und||
040 _aJO-AjNU
_bara
_erda
_cJO-AjNU
041 _aara
050 1 4 _aLB1167.M3688 1994
100 3 _aمنسي، محمود عبد الحليم,
_eauthor
_952901
245 0 0 _aالروضة وإبداع الأطفال
264 3 1 _aالإسكندرية: دار المعرفة، 1994
300 _a197ص
336 _atext
_btxt
_2rdacontent
337 _aunmediated
_bn
_2rdamedia
338 _avolume
_bnc
_2rdacarrier
490 0 _aالتربية والإبداع (1)
650 4 _aالتعليم - أطفال - الروضة
_952902
999 _aA23461
_c27029
_d27029